[Event "ESP-ch U14"]
[Site "Salobrena"]
[Date "2023.07.19"]
[Round "4"]
[White "Menoyo Garcia, Leire"]
[Black "Asensio Miranda, Carlos"]
[Result "0-1"]
[WhiteElo "1521"]
[BlackElo "1750"]
[PlyCount "74"]
[EventDate "2023.07.17"]
[EventType "swiss"]
[EventRounds "9"]
[EventCountry "ESP"]
[SourceTitle "EXT 2024"]
[Source "ChessBase"]
[SourceDate "2023.10.10"]
[SourceVersion "1"]
[SourceVersionDate "2023.10.10"]
[SourceQuality "1"]

1. e4 c6 2. d4 d5 3. e5 Bf5 4. c3 e6 5. Nf3 Nd7 6. Bd3 Bxd3 7. Qxd3 Ne7 8. Nbd2 c5 9. Nf1 Nc6 10. Be3 Qc7 11. Ng3 cxd4 12. Bxd4 Ndxe5 13. Bxe5 Nxe5 14. Nxe5 Qxe5+ 15. Ne2 a6 16. 0-0 Bd6 17. f4 Bc5+ 18. Kh1 Qe3 19. Qc2 Qe4 20. Qxe4 dxe4 21. f5 0-0 22. fxe6 fxe6 23. Nd4 Bxd4 24. cxd4 Rxf1+ 25. Rxf1 Rc8 26. g4 Rc2 27. Re1 Rxb2 28. Rxe4 Kf7 29. Rf4+ Ke7 30. Re4 Kd6 31. Rf4 Rxa2 32. Rf7 b5 33. Rxg7 b4 34. Rb7 a5 35. h4 Rd2 36. Rxh7 b3 37. Rb7 b2 0-1

[Event "ESP-ch U14"]
[Site "Salobrena"]
[Date "2022.07.21"]
[Round "6"]
[White "Bergaretxe Gavalda, Unai"]
[Black "Menoyo Garcia, Leire"]
[Result "1-0"]
[WhiteElo "1660"]
[BlackElo "1430"]
[PlyCount "67"]
[EventDate "2022.07.18"]
[EventType "swiss"]
[EventRounds "9"]
[EventCountry "ESP"]
[SourceTitle "EXT 2023"]
[Source "ChessBase"]
[SourceDate "2022.10.05"]
[SourceVersion "1"]
[SourceVersionDate "2022.10.05"]
[SourceQuality "1"]

1. d4 g6 2. c4 Bg7 3. Nf3 d6 4. g3 Nf6 5. Bg2 0-0 6. 0-0 Re8 7. Nc3 Bg4 8. h3 Bxf3 9. Bxf3 c6 10. e4 Nbd7 11. Bg2 Rc8 12. f4 e5 13. fxe5 dxe5 14. d5 cxd5 15. cxd5 h6 16. Be3 b6 17. Nb5 Ra8 18. d6 Rc8 19. Nc7 Rf8 20. Qa4 Ne8 21. Nxe8 Qxe8 22. Rac1 Qe6 23. Rc7 Rfd8 24. Rfc1 Nf6 25. Qxa7 Ra8 26. Qxb6 Rxd6 27. Qb7 Rxa2 28. Re7 Rb6 29. Bxb6 Qb3 30. Rc8+ Bf8 31. Bf2 Qd1+ 32. Kh2 Qe2 33. Rxf7 Kh8 34. Rcxf8+ 1-0

[Event "ESP-ch U14"]
[Site "Salobrena"]
[Date "2022.07.18"]
[Round "1"]
[White "Pinyol I Llora, Julia"]
[Black "Menoyo Garcia, Leire"]
[Result "1-0"]
[WhiteElo "1886"]
[BlackElo "1430"]
[PlyCount "89"]
[EventDate "2022.07.18"]
[EventType "swiss"]
[EventRounds "9"]
[EventCountry "ESP"]
[SourceTitle "EXT 2023"]
[Source "ChessBase"]
[SourceDate "2022.10.05"]
[SourceVersion "1"]
[SourceVersionDate "2022.10.05"]
[SourceQuality "1"]

1. d4 Nf6 2. c4 g6 3. Nf3 Bg7 4. g3 0-0 5. Bg2 d6 6. 0-0 Bg4 7. h3 Bxf3 8. Bxf3 c6 9. Nc3 Nbd7 10. e4 a6 11. a4 e5 12. d5 c5 13. a5 Qc8 14. Na4 Rb8 15. Qb3 Ra8 16. Bg2 Nh5 17. Nb6 Nxb6 18. Qxb6 Rd8 19. b4 cxb4 20. Qxb4 Qc7 21. Be3 Qd7 22. Rfb1 Nf4 23. gxf4 exf4 24. Bb6 Re8 25. Ra3 Qe7 26. c5 Be5 27. Rf3 Reb8 28. Rc1 Qd7 29. cxd6 Bxd6 30. Qb2 Qe7 31. Bd4 Qh4 32. Be5 Bxe5 33. Qxe5 Re8 34. Qxf4 Rxe4 35. Qxf7+ Kh8 36. Qf6+ Qxf6 37. Rxf6 Rd4 38. Rc7 Rd1+ 39. Kh2 Rb8 40. Rff7 h5 41. Rxb7 Ra8 42. Rh7+ Kg8 43. Rbg7+ Kf8 44. Rxg6 Rd2 45. Rh8+ 1-0